| 000 | 00471ntaaa2200181 4500 | ||
|---|---|---|---|
| 003 | 01 | ||
| 005 | 20251027203302.0 | ||
| 008 | 0714s1973 ag 01 | ||
| 040 |
_aAR-BaBN _bspa _cAR-BaBN _eaacr _dRIC |
||
| 082 | _a128.5 F41 | ||
| 100 |
_aFerrater Mora, José _961 |
||
| 245 |
_aEl sentido de la muerte / _cJosé Ferrater Mora |
||
| 260 |
_aBuenos Aires : _bSudamericana, _c1947 |
||
| 300 |
_a351 p. ; _c22x15 cm |
||
| 650 | _aFILOSOFIA | ||
| 650 | _aMUERTE | ||
| 942 | _cBK | ||
| 999 |
_c28337 _d28337 |
||